00427nam a2200145 a 4500008004100000020001500041050001600056100002400072245004600096260003300142300001700175350000900192500005100201650002900252120416s1976 ||||||||||||||||| || u a007051366X aHF 5429 Red aRedinbaugh, Larry D10aRetailing management: a planning approach aNew York:bMcGraw-Hillc1976 axviii, 429p. a0.00 aIncludes bibliographical references and index. aRETAIL TRADE--MANAGEMENT